Statistics for Страны Азии

Click here to take the quiz!

General Stats

  • This quiz has been taken 32 903 times
  • The average score is 35 of 48

Answers on the Map

Answers color-coded by a green-red scale on the quiz's map according to % correct below.
 

Answer Stats

Страна% Correct
Китай
99%
Казахстан
98%
Япония
95%
Индия
95%
Монголия
95%
Северная Корея
94%
Южная Корея
93%
Турция
93%
Иран
90%
Узбекистан
89%
Ирак
88%
Кыргызстан
86%
Азербайджан
85%
Пакистан
84%
Армения
84%
Грузия
83%
Таджикистан
83%
Индонезия
82%
Афганистан
82%
Туркменистан
82%
Саудовская Аравия
82%
Израиль
76%
Вьетнам
76%
Объединённые
Арабские Эмираты
76%
Сирия
74%
Тайвань
73%
Непал
72%
Кипр
70%
Тайланд
70%
Оман
69%
Йемен
69%
Бангладеш
67%
Шри-Ланка
67%
Филиппины
67%
Катар
65%
Малайзия
63%
Бутан
62%
Сингапур
61%
Лаос
60%
Мьянма
57%
Иордания
57%
Камбоджа
55%
Ливан
52%
Кувейт
51%
Бахрейн
50%
Мальдивы
48%
Бруней
39%
Восточный Тимор
38%

Score Distribution

Percentile by Number Answered

Percent of People with Each Score

Your Score History

You have not taken this quiz